Catálogo

Architektur in deutschland = (Registro nro. 26615)

Detalles MARC
000 -LEADER
fixed length control field 01488cam a2200385 i 4500
001 - CONTROL NUMBER
control field 26615
003 - CONTROL NUMBER IDENTIFIER
control field Mx-PuUPA
005 - DATE AND TIME OF LATEST TRANSACTION
control field 20250509125652.0
008 - FIXED-LENGTH DATA ELEMENTS--GENERAL INFORMATION
fixed length control field 140415s2005 aeo fr 001 0 mul d
020 ## - INTERNATIONAL STANDARD BOOK NUMBER
International Standard Book Number 379133403
022 ## - INTERNATIONAL STANDARD SERIAL NUMBER
International Standard Serial Number 1511-1370
040 ## - CATALOGING SOURCE
Transcribing agency Mx-PuUPA
Original cataloging agency Mx-PuUPA
Language of cataloging spa
Modifying agency Mx-PuUPA
Description conventions rda
041 0# - LANGUAGE CODE
Language code of text/sound track or separate title eng
-- ger
043 ## - GEOGRAPHIC AREA CODE
Geographic area code e-gx---
110 2# - MAIN ENTRY--CORPORATE NAME
Corporate name or jurisdiction name as entry element Deutsches Architekturmuseum,
9 (RLIN) 16813
Relator term editor
245 10 - TITLE STATEMENT
Title Architektur in deutschland =
Remainder of title Architecture in Germany /
Statement of responsibility, etc. Deustches Architecktur Museum, Annete Becker, Peter Cachola Schmal, Ingeborg Flagge
264 #1 - PRODUCTION, PUBLICATION, DISTRIBUTION, MANUFACTURE, AND COPYRIGHT NOTICE
Place of production, publication, distribution, manufacture München :
Name of producer, publisher, distributor, manufacturer Prestel Verlag,
Date of production, publication, distribution, manufacture, or copyright notice ©2005
300 ## - PHYSICAL DESCRIPTION
Extent 190 páginas :
Other physical details ilustraciones, fotografías, planos (principalmente a color) :
Dimensions 28 cm
336 ## - CONTENT TYPE
Fuente rdacontent
Content type term texto
Content type code txt
336 ## - CONTENT TYPE
Fuente rdacontent
Content type term imagen fija
Content type code sti
337 ## - MEDIA TYPE
Source rdamedia
Media type term sin medio
Media type code n
338 ## - CARRIER TYPE
Source rdacarrier
Carrier type term volumen
Carrier type code nc
546 ## - LANGUAGE NOTE
Language note Texto en alemán e inglés
650 #7 - SUBJECT ADDED ENTRY--TOPICAL TERM
Source of heading or term armarc
Topical term or geographic name entry element Arquitectura
Chronological subdivision Siglo XX
650 #7 - SUBJECT ADDED ENTRY--TOPICAL TERM
Source of heading or term armarc
Topical term or geographic name entry element Arquitectura
General subdivision Conservación y restauración
Geographic subdivision Alemania
650 #7 - SUBJECT ADDED ENTRY--TOPICAL TERM
Source of heading or term armarc
Topical term or geographic name entry element Arquitectura moderna
Chronological subdivision Siglo XX
650 #7 - SUBJECT ADDED ENTRY--TOPICAL TERM
Source of heading or term armarc
Topical term or geographic name entry element Museo de Arquitectura alemana
700 1# - ADDED ENTRY--PERSONAL NAME
Personal name Becker, Annette,
Relator term editor
700 1# - ADDED ENTRY--PERSONAL NAME
Personal name Schmal, Peter Cachola,
Relator term editor
700 1# - ADDED ENTRY--PERSONAL NAME
Personal name Flagge, Ingeborg,
Relator term editor
942 ## - ADDED ENTRY ELEMENTS (KOHA)
Source of classification or shelving scheme Dewey Decimal Classification
Koha item type Libro
Classification part 720.9430904
Item part A66
Existencias
Withdrawn status Lost status Source of classification or shelving scheme Damaged status Not for loan Collection code Home library Current library Shelving location Date acquired Source of acquisition Cost, normal purchase price Total Checkouts Full call number Barcode Date last seen Cost, replacement price Price effective from Koha item type
    Dewey Decimal Classification     General Biblioteca Karol Wojtyla Biblioteca Karol Wojtyla Sala general 09/08/2022 Donación 0.00   720.9430904 A66 2005 49434 05/01/2026 0.00 03/12/2013 Libro